| 000 | 00352nam a22001217a 4500 | ||
|---|---|---|---|
| 008 | 230620b xxu||||| |||| 00| 0 eng d | ||
| 082 |
_a324 _bCOM |
||
| 110 | _bCommonwealth Secretyariat | ||
| 245 |
_aGood Commonwealth Electoral Practice _bA working Document June 1997 |
||
| 260 | _bCommonwealth Secretariat | ||
| 300 | _avarious paging | ||
| 942 |
_2ddc _cBK |
||
| 999 |
_c1897 _d1897 |
||